[Event "Lichtenrader Herbst"]
[Site "?"]
[Date "2005.10.08"]
[Round "8"]
[White "Meister, Yakov"]
[Black "Teschke, Olaf"]
[Result "1-0"]
[WhiteElo "2490"]
[BlackElo "2236"]
[PlyCount "105"]
[EventDate "2005.??.??"]

1. c4 e6 2. Nc3 d5 3. d4 Nf6 4. Nf3 Nbd7 5. e3 c6 6. Bd3 dxc4 7. Bxc4 b5 8. Bb3
b4 9. Ne2 Bb7 10. Nf4 Bd6 11. Ng5 Bxf4 12. exf4 h6 13. Nf3 Ba6 14. Be3 O-O 15.
Ne5 Nxe5 16. fxe5 Nd5 17. Qd2 c5 18. dxc5 Nxe3 19. Qxe3 Rc8 20. f4 Qe7 21. Kf2
Rxc5 22. Rhc1 Rfc8 23. Rxc5 Qxc5 24. Qxc5 Rxc5 25. Rd1 g5 26. g3 Bb5 27. Ke3 a5
28. Rd8+ Kg7 29. Kd4 Rc1 30. Ra8 gxf4 31. gxf4 Rb1 32. Rxa5 Bf1 33. f5 exf5 34.
Ra7 Rxb2 35. e6 Rxh2 36. Kc5 Re2 37. exf7 Bg2 38. Rd7 Re5+ 39. Kxb4 Bc6 40. Rd6
Rb5+ 41. Kc4 Rxb3 42. axb3 Be4 43. Rf6 Kf8 44. Kd4 h5 45. Ke5 h4 46. b4 h3 47.
Rh6 Kxf7 48. Rxh3 Ke7 49. b5 Kd7 50. Rc3 Kd8 51. b6 Kd7 52. Rc7+ Kd8 53. Kd6
1-0

[Event "Lichtenrader Herbst"]
[Site "?"]
[Date "2005.10.08"]
[Round "8"]
[White "Reichenbach, Werner"]
[Black "Lueders, Gerhard"]
[Result "0-1"]
[WhiteElo "2310"]
[BlackElo "2229"]
[PlyCount "116"]
[EventDate "2005.??.??"]

1. e4 c5 2. Nf3 d6 3. d4 cxd4 4. Qxd4 Nc6 5. Bb5 Bd7 6. Bxc6 bxc6 7. Nc3 Qb6 8.
Qd3 Bc8 9. Be3 Qa5 10. Nd4 Qc7 11. Qc4 Bd7 12. f4 e5 13. fxe5 dxe5 14. Nb3 Nf6
15. Nc5 Bxc5 16. Qxc5 Ng4 17. Bg1 Qb6 18. Na4 Qb5 19. b3 Nf6 20. c4 Qxc5 21.
Nxc5 Bg4 22. Bf2 Nd7 23. Nb7 Ke7 24. O-O a5 25. Be1 a4 26. Bb4+ Ke6 27. h3 Rhb8
28. Nc5+ Nxc5 29. Bxc5 Bh5 30. b4 Be2 31. Rfe1 Bxc4 32. Re3 Rd8 33. Rc3 Bb5 34.
Be3 Rd6 35. Rac1 Rad8 36. Kf2 f6 37. h4 h5 38. Kf3 g6 39. Kf2 R8d7 40. a3 Rd3
41. g3 Rxc3 42. Rxc3 Rd1 43. Kf3 Rd3 44. Rxd3 Bxd3 45. Bh6 f5 46. exf5+ gxf5
47. Ke3 Bb1 48. Bg7 Kd5 49. Bf6 Ba2 50. Bg7 Bc4 51. Bf6 Bb5 52. Bg7 e4 53. Kd2
Kc4 54. Kc2 e3 55. Bf6 Kd5 56. Kd1 Ke4 57. Ke1 Kd3 58. Bg5 e2 0-1

[Event "Lichtenrader Herbst"]
[Site "?"]
[Date "2005.10.08"]
[Round "8"]
[White "Giemsa, Stephan"]
[Black "Manukian, Artak"]
[Result "0-1"]
[WhiteElo "2306"]
[BlackElo "2113"]
[PlyCount "78"]
[EventDate "2005.??.??"]

1. d4 d6 2. Nf3 Nd7 3. c4 e5 4. Nc3 g6 5. e4 Bg7 6. Be2 Ne7 7. h4 exd4 8. Nxd4
Nc6 9. Bg5 Bf6 10. Nf3 h6 11. Bxf6 Nxf6 12. Qd2 Qe7 13. Qf4 Be6 14. Rc1 O-O-O
15. Nd5 Bxd5 16. cxd5 Ne5 17. Qe3 Nxf3+ 18. gxf3 Kb8 19. Rc3 Nd7 20. h5 g5 21.
Kd2 Qe5 22. Rhc1 Rc8 23. Bf1 Qh2 24. Bb5 Ne5 25. Ra3 Qf4 26. Ke2 a6 27. Ba4
Qxe3+ 28. fxe3 b5 29. Bd1 Kb7 30. Rac3 c5 31. dxc6+ Rxc6 32. Rxc6 Nxc6 33. Bb3
f6 34. Bd5 Rc8 35. f4 Kb6 36. fxg5 fxg5 37. Rf1 Ne5 38. Kd2 g4 39. Rf6 g3 {Zue.
} 0-1

[Event "Lichtenrader Herbst"]
[Site "?"]
[Date "2005.10.08"]
[Round "8"]
[White "Jenull, Marco"]
[Black "Figura, Atila Gajo"]
[Result "1/2-1/2"]
[WhiteElo "2156"]
[BlackElo "2277"]
[PlyCount "100"]
[EventDate "2005.??.??"]

1. b3 e5 2. Bb2 Nc6 3. e3 Nf6 4. Bb5 Bd6 5. Bxc6 dxc6 6. d3 O-O 7. e4 Qe7 8.
Nf3 Nh5 9. g3 f5 10. Nh4 Qf7 11. Nd2 fxe4 12. Nxe4 Bb4+ 13. c3 Be7 14. Ng2 Nf6
15. O-O Nxe4 16. dxe4 Bc5 17. Qe2 Bh3 18. b4 Bd6 19. c4 Bxb4 20. Bxe5 Rad8 21.
Bf4 Bc3 22. Rac1 Bd4 23. Be3 Qe7 24. Bxd4 Rxd4 25. Rfe1 Qd7 26. Rcd1 Bg4 27.
Rxd4 Qxd4 28. Qe3 Qxc4 29. e5 Be6 30. Nf4 Qxa2 31. Nxe6 Qxe6 32. Qxa7 Qb3 33.
e6 Qc3 34. Rf1 Qe5 35. Qxb7 Qxe6 36. Qxc7 Rc8 37. Qa5 c5 38. Rd1 c4 39. Rd8+
Rxd8 40. Qxd8+ Kf7 41. Qd4 Qc6 42. Qf4+ Ke6 43. Qg4+ Kd5 44. Qg5+ Kd6 45. Qxg7
c3 46. Qd4+ Kc7 47. Qf4+ Kc8 48. Qg4+ Kb7 49. Qb4+ Ka6 50. Qa3+ Kb6 1/2-1/2

[Event "Lichtenrader Herbst"]
[Site "?"]
[Date "2005.10.08"]
[Round "8"]
[White "Federau, Juergen"]
[Black "Hannebauer, Torsten"]
[Result "0-1"]
[WhiteElo "2236"]
[BlackElo "2154"]
[PlyCount "80"]
[EventDate "2005.??.??"]

1. d4 Nf6 2. c4 g6 3. g3 Bg7 4. Bg2 O-O 5. e4 d6 6. Ne2 c6 7. O-O Nbd7 8. Nbc3
e5 9. h3 exd4 10. Nxd4 Qb6 11. Nc2 Ne8 12. Ne3 Nc5 13. Qc2 a5 14. Kh2 Kh8 15.
Rb1 Be6 16. Bd2 Qd8 17. f4 f5 18. exf5 gxf5 19. Rfe1 Qf6 20. b3 Qh6 21. Ned1
Nf6 22. Nf2 Ng4+ 23. Kg1 Nxf2 24. Kxf2 Qg6 25. Be3 Rg8 26. Rg1 Rac8 27. Bf3 b5
28. Ne2 Ne4+ 29. Bxe4 fxe4 30. g4 d5 31. Nd4 Bd7 32. cxd5 cxd5 33. Qd2 b4 34.
Rbc1 Qh6 35. Rxc8 Rxc8 36. Kg2 Rc3 37. Rc1 Rd3 38. Qf2 Kg8 39. Rc7 Bxd4 40.
Bxd4 Qxh3+ 0-1

[Event "Lichtenrader Herbst"]
[Site "?"]
[Date "2005.10.08"]
[Round "8"]
[White "Hahlbohm, Matthias"]
[Black "Niehaus, Frank"]
[Result "0-1"]
[WhiteElo "2102"]
[BlackElo "2252"]
[PlyCount "196"]
[EventDate "2005.??.??"]

1. e4 c5 2. Nf3 d6 3. d4 cxd4 4. Nxd4 Nf6 5. Nc3 g6 6. f3 Bg7 7. Be3 O-O 8. Qd2
Nc6 9. g4 Be6 10. O-O-O Nxd4 11. Bxd4 Qa5 12. h4 Bxa2 13. h5 Be6 14. hxg6 fxg6
15. Qh2 Rf7 16. Be2 Bh8 17. Qg1 Nd7 18. Bxh8 Kxh8 19. f4 Rxf4 20. Rxh7+ Kxh7
21. Qh2+ Kg7 22. Qxf4 Rf8 23. Qe3 Qc5 24. Qd2 Rh8 25. Nd5 Bxd5 26. exd5 Rh2 27.
Rf1 Ne5 28. Qf4 Rh8 29. Qg5 Qc7 30. c3 a6 31. Kb1 Qd8 32. Bd1 Qd7 33. Qf4 Qd8
34. Qg5 Nf7 35. Qf4 Rf8 36. Rh1 Qa5 37. Bb3 Qb5 38. Bc4 Qa4 39. b3 Qa5 40. Kb2
Qc5 41. b4 Qc8 42. Bd3 Rh8 43. Rxh8 Qxh8 44. Be2 Qh1 45. Qd4+ Ne5 46. Kc2 Qg2
47. Kd1 Qg3 48. Kc2 g5 49. Qe4 Qf4 50. Qg2 Qe3 51. Kb3 b5 52. Kc2 Ng6 53. Bf1
Nf4 54. Qh1 Qf2+ 55. Kb3 Qd2 56. c4 Nd3 57. Bxd3 Qxd3+ 58. Kb2 Qd2+ 59. Kb3
Qe3+ 60. Kc2 bxc4 61. Qa1+ Kg8 62. Qxa6 Qe2+ 63. Kc1 Qf1+ 64. Kc2 Qd3+ 65. Kc1
Qxd5 66. b5 Kf7 67. b6 c3 68. Qe2 Qb3 69. Qc2 Qxb6 70. Qf5+ Ke8 71. Qc8+ Qd8
72. Qxc3 Kd7 73. Kd2 Qc7 74. Qb4 Qc6 75. Ke2 Qg2+ 76. Ke3 Ke6 77. Qc4+ Kd7 78.
Qa4+ Qc6 79. Qd1 d5 80. Qd4 Qc4 81. Qa7+ Qc7 82. Qa4+ Ke6 83. Qa6+ Qd6 84. Qc8+
Qd7 85. Qg8+ Kd6 86. Qxg5 Qe6+ 87. Kd2 Qe4 88. Qh6+ Kc5 89. g5 Qf4+ 90. Kd1 d4
91. Qg7 Qf3+ 92. Kd2 Qe3+ 93. Kd1 d3 94. Qc3+ Kd5 95. Qa5+ Ke6 96. Qa2+ Kf5 97.
Qf7+ Kg4 98. Qc4+ Kxg5 {Zue} 0-1

[Event "Lichtenrader Herbst"]
[Site "?"]
[Date "2005.10.08"]
[Round "8"]
[White "Postler, Reinhard"]
[Black "Jaeger, Andre"]
[Result "1-0"]
[WhiteElo "2327"]
[BlackElo "2153"]
[PlyCount "103"]
[EventDate "2005.??.??"]

1. e4 c5 2. Nf3 Nc6 3. d4 cxd4 4. Nxd4 Nf6 5. Nc3 e5 6. Ndb5 d6 7. Bg5 a6 8.
Na3 Be6 9. Nc4 Rc8 10. Nd5 Nb4 11. c3 Nbxd5 12. exd5 Bd7 13. Bd3 Bb5 14. Ne3
Bxd3 15. Qxd3 h6 16. Bh4 g6 17. O-O-O Bg7 18. Kb1 O-O 19. Bxf6 Qxf6 20. f3 Qd8
21. g4 Qb6 22. Qe4 Rc5 23. Rc1 Rfc8 24. Ka1 a5 25. h4 a4 26. a3 Qa7 27. h5 g5
28. c4 b5 29. Kb1 Qc7 30. Rc2 Qb6 31. cxb5 Rxc2 32. Nxc2 Qxb5 33. Ne3 Rb8 34.
Rh2 Qc5 35. Rc2 Qxa3 36. Rc8+ Rxc8 37. bxa3 Rc3 38. Nc2 Rb3+ 39. Kc1 f5 40.
Qxf5 e4 41. Qxe4 Bb2+ 42. Kd1 Be5 43. Qg6+ Kf8 44. Qxh6+ Ke8 45. Qe6+ Kf8 46.
h6 Rxf3 47. h7 Rh3 48. Qg8+ Ke7 49. Ne3 Kd7 50. Nc4 Rh1+ 51. Ke2 Rh2+ 52. Kd3
1-0

[Event "Lichtenrader Herbst"]
[Site "?"]
[Date "2005.10.08"]
[Round "8"]
[White "Fruebing, Thomas"]
[Black "Schueler, Wolfgang"]
[Result "1/2-1/2"]
[WhiteElo "2211"]
[BlackElo "2072"]
[PlyCount "55"]
[EventDate "2005.??.??"]

1. e4 e5 2. Nf3 Nc6 3. Nc3 Nf6 4. Bb5 Bb4 5. O-O O-O 6. d3 d6 7. Bg5 Bxc3 8.
bxc3 h6 9. Bxf6 Qxf6 10. Bxc6 bxc6 11. Nd2 Rb8 12. Qe2 Be6 13. c4 c5 14. Rab1
Rb6 15. Rb3 Rfb8 16. Ra3 R8b7 17. Nb3 Bd7 18. f4 Rb4 19. Qh5 exf4 20. e5 Qg5
21. Qe2 Bc6 22. Qf2 Qxe5 23. Na5 R7b6 24. c3 Rb1 25. Nxc6 Rxf1+ 26. Qxf1 Qe3+
27. Kh1 Rxc6 28. h3 1/2-1/2

[Event "Lichtenrader Herbst"]
[Site "?"]
[Date "2005.10.08"]
[Round "8"]
[White "Koerner, Helmut"]
[Black "Haemmerlein, Thomas"]
[Result "0-1"]
[WhiteElo "1965"]
[BlackElo "2193"]
[PlyCount "78"]
[EventDate "2005.??.??"]

1. b4 Nf6 2. Bb2 e6 3. b5 c5 4. c4 d5 5. e3 Bd6 6. Nf3 O-O 7. Be2 Qe7 8. Nc3
Nbd7 9. d3 b6 10. O-O Bb7 11. cxd5 exd5 12. d4 Rad8 13. Bd3 Ne4 14. Bxe4 dxe4
15. Nd2 Qh4 16. f4 exf3 17. Nxf3 Bxf3 18. Rxf3 Bxh2+ 19. Kf1 Bg3 20. Ke2 cxd4
21. Qxd4 Ne5 22. Qxh4 Bxh4 23. Rh3 Be7 24. Ne4 Rd5 25. a4 f5 26. Nd2 Rfd8 27.
Bd4 f4 28. Nb3 fxe3 29. Rxe3 Ng6 30. Re4 Bg5 31. g3 Ne7 32. g4 Ng6 33. Rf1 h6
34. Rf3 Rc8 35. Kf1 Nh4 36. Rf2 Rd7 37. Rfe2 Nf3 38. Bb2 Rd3 39. Nd4 Nd2+ 0-1

[Event "Lichtenrader Herbst"]
[Site "?"]
[Date "2005.10.08"]
[Round "8"]
[White "Sondermann, Johannes"]
[Black "Salzberg, Gregor"]
[Result "1-0"]
[WhiteElo "2164"]
[BlackElo "2101"]
[PlyCount "81"]
[EventDate "2005.??.??"]

1. e4 e6 2. d4 d5 3. Nd2 dxe4 4. Nxe4 Nd7 5. Nf3 Ngf6 6. Bd3 Be7 7. O-O O-O 8.
Qe2 b6 9. Nxf6+ Nxf6 10. Rd1 Bb7 11. c4 Qd6 12. Ne5 Rae8 13. Bf4 Qd8 14. c5 Nd5
15. Bd2 Bf6 16. c6 Bc8 17. b4 Ne7 18. Qe4 Ng6 19. b5 Qd5 20. Bb4 Be7 21. a3
Qxe4 22. Bxe4 Nxe5 23. dxe5 a5 24. bxa6 Bxa6 25. Rd7 Bxb4 26. axb4 Bb5 27. Rxc7
Rd8 28. Rb7 Rd4 29. f3 f5 30. exf6 gxf6 31. Raa7 Rfd8 32. Rg7+ Kh8 33. Rxh7+
Kg8 34. Rag7+ Kf8 35. Rf7+ Kg8 36. c7 Re8 37. Bb7 Rd1+ 38. Kf2 Rd2+ 39. Kg3 Bf1
40. Rhg7+ Kh8 41. Kh3 1-0

[Event "Lichtenrader Herbst"]
[Site "?"]
[Date "2005.10.08"]
[Round "8"]
[White "Meissner, Hans-Juergen"]
[Black "von Loehneysen, Leonard"]
[Result "1-0"]
[WhiteElo "2256"]
[BlackElo "2011"]
[PlyCount "67"]
[EventDate "2005.??.??"]

1. e4 c5 2. Nf3 Nc6 3. Bb5 g6 4. O-O Bg7 5. c3 Nf6 6. Re1 O-O 7. d4 cxd4 8.
cxd4 d5 9. e5 Ne4 10. Nc3 Bf5 11. Bxc6 bxc6 12. Na4 f6 13. exf6 Bxf6 14. Be3
Bg4 15. Qc1 Rc8 16. Nd2 Nd6 17. h3 Bd7 18. Nf3 Ne4 19. Qd1 Rb8 20. Rc1 Rb4 21.
b3 Qb8 22. Nc5 Nxc5 23. Rxc5 Rb5 24. Ne5 Bxe5 25. dxe5 Qxe5 26. Rxb5 cxb5 27.
Bh6 Qd6 28. Bxf8 Kxf8 29. Qd4 h5 30. Qxa7 e5 31. Qe3 e4 32. Qd4 Qc6 33. Rd1 Be6
34. Qf6+ 1-0

[Event "Lichtenrader Herbst"]
[Site "?"]
[Date "2005.10.08"]
[Round "8"]
[White "Kurbel, Horst-Peter"]
[Black "Moehring, Guenther"]
[Result "0-1"]
[WhiteElo "1894"]
[BlackElo "2308"]
[PlyCount "40"]
[EventDate "2005.??.??"]

1. d4 Nf6 2. c4 g6 3. Nc3 Bg7 4. e4 O-O 5. f3 c5 6. d5 d6 7. Be3 e6 8. Qd2 exd5
9. cxd5 Re8 10. Bd3 a6 11. a4 Nbd7 12. Nge2 Rb8 13. O-O Ne5 14. Rab1 Nfd7 15.
b3 Nxd3 16. Qxd3 f5 17. f4 fxe4 18. Nxe4 Nf6 19. Nxf6+ Bxf6 20. Ng3 Rxe3 0-1

[Event "Lichtenrader Herbst"]
[Site "?"]
[Date "2005.10.08"]
[Round "8"]
[White "Issel, Oliver"]
[Black "Ziabari, Morteza"]
[Result "1/2-1/2"]
[WhiteElo "2171"]
[BlackElo "1943"]
[PlyCount "131"]
[EventDate "2005.??.??"]

1. d4 d5 2. Nf3 Nf6 3. e3 Bf5 4. c4 c6 5. cxd5 cxd5 6. Qb3 Qc7 7. Bd2 e6 8.
Bb5+ Nc6 9. O-O a6 10. Bxc6+ bxc6 11. Rc1 Bd6 12. Bb4 O-O 13. Bxd6 Qxd6 14. Ne5
Rab8 15. Qa3 Qxa3 16. bxa3 Rb2 17. Nc3 Rc8 18. Na4 Rc2 19. Nc5 a5 20. Rxc2 Bxc2
21. Rc1 Bf5 22. a4 g5 23. Nb3 Kg7 24. f3 g4 25. Kf2 h5 26. Nxa5 Rb8 27. Nb3 Rb4
28. Rc5 Bb1 29. a5 Ra4 30. Nc1 gxf3 31. gxf3 Bxa2 32. Rc2 Bb1 33. Rb2 Bg6 34.
Nxc6 Rc4 35. Nb4 Rxc1 36. a6 Nd7 37. a7 Nb6 38. Na6 Na8 39. Rb7 Ra1 40. Nc5 Bf5
41. e4 dxe4 42. fxe4 Bg4 43. d5 exd5 44. exd5 Ra5 45. Ne6+ Kf6 46. Nd8 Rxd5 47.
Rb8 Nc7 48. a8=Q Nxa8 49. Rxa8 Rd2+ 50. Kg3 Rd3+ 51. Kf4 Rf3+ 52. Ke4 Kg5 53.
Ra2 f5+ 54. Kd4 Kh4 55. Ne6 f4 56. Ng7 Rf1 57. Ke4 f3 58. Kf4 Re1 59. Nf5+ Kh3
60. Nd4 Re8 61. Rf2 Re7 62. Nxf3 Rf7+ 63. Ke3 Rxf3+ 64. Rxf3+ Bxf3 65. Kxf3
Kxh2 66. Kf2 1/2-1/2

[Event "Lichtenrader Herbst"]
[Site "?"]
[Date "2005.10.08"]
[Round "8"]
[White "Zschaebitz, Klaus"]
[Black "Cirkovic, Rade"]
[Result "1-0"]
[WhiteElo "2092"]
[BlackElo "1958"]
[PlyCount "115"]
[EventDate "2005.??.??"]

1. d4 Nf6 2. Nf3 b6 3. Bf4 Bb7 4. e3 e6 5. Bd3 d6 6. Nbd2 Nbd7 7. Qe2 Be7 8. e4
Rb8 9. c4 Nh5 10. Be3 e5 11. d5 Nhf6 12. h3 O-O 13. g4 Re8 14. b4 Bf8 15. Nh2
Kh8 16. Nhf1 c6 17. Ng3 Rc8 18. Nf3 cxd5 19. cxd5 Bxd5 20. g5 Nxe4 21. Bxe4
Bxe4 22. Nxe4 d5 23. Ng3 Bxb4+ 24. Kf1 d4 25. Bd2 Bc5 26. Kg2 Qc7 27. Qe4 Qd6
28. Nf5 Qe6 29. Rhe1 g6 30. Nh6 Bd6 31. Rac1 Nc5 32. Qc2 Kg7 33. Ng4 Nd7 34.
Qa4 Nc5 35. Qb5 Bb8 36. Nf6 Red8 37. Qb1 Qc6 38. Ne4 Qd5 39. Bb4 Ne6 40. Be7
Nf4+ 41. Kh2 Qe6 42. Bf6+ Kg8 43. Ng1 Re8 44. Qb3 Qd7 45. a4 Rc6 46. Qb5 Rec8
47. Bxe5 Bxe5 48. Qxe5 Nd3 49. Nf6+ Rxf6 50. Rxc8+ Qxc8 51. Qe8+ Qxe8 52. Rxe8+
Kg7 53. gxf6+ Kxf6 54. Nf3 Nxf2 55. Nxd4 Nd3 56. Nb5 Nc5 57. Nc3 Ne6 58. Ra8
1-0

[Event "Lichtenrader Herbst"]
[Site "?"]
[Date "2005.10.09"]
[Round "9"]
[White "Meister, Jakov"]
[Black "Kalinitschew, Sergej"]
[Result "1/2-1/2"]
[WhiteElo "2490"]
[BlackElo "2478"]
[PlyCount "24"]
[EventDate "2005.??.??"]

1. e4 c5 2. c3 e6 3. d4 d5 4. exd5 exd5 5. Bb5+ Nc6 6. Qe2+ Be7 7. Bg5 cxd4 8.
cxd4 Be6 9. Bxc6+ bxc6 10. Bxe7 Nxe7 11. Nf3 O-O 12. O-O Bg4 1/2-1/2

[Event "Lichtenrader Herbst"]
[Site "?"]
[Date "2005.10.09"]
[Round "9"]
[White "Lüders, Gerhard"]
[Black "Manukian, Artak"]
[Result "0-1"]
[WhiteElo "2229"]
[BlackElo "2113"]
[PlyCount "72"]
[EventDate "2005.??.??"]

1. d4 c5 2. dxc5 e6 3. Nc3 Bxc5 4. Ne4 Nf6 5. Nd6+ Ke7 6. Nxc8+ Qxc8 7. Nf3 d5
8. c3 Ne4 9. e3 Nd7 10. Nd4 Ndf6 11. Be2 Rd8 12. O-O Qd7 13. g3 Rac8 14. Bf3 e5
15. Nb3 Bb6 16. Qe2 g6 17. Rd1 h5 18. h3 h4 19. g4 Ng5 20. Bg2 e4 21. Kh1 Qd6
22. Nd2 Bc7 23. Nf1 Qe6 24. b3 Nxg4 25. hxg4 h3 26. f4 hxg2+ 27. Kxg2 Nf3 28.
Nh2 Rh8 29. Ba3+ Kf6 30. Rh1 Rxh2+ 31. Rxh2 Qxg4+ 32. Kh1 Nxh2 33. Qxh2 Qf3+
34. Kg1 Qxe3+ 35. Kf1 Qd3+ 36. Kg1 Bb6+ 0-1

[Event "Lichtenrader Herbst"]
[Site "?"]
[Date "2005.10.09"]
[Round "9"]
[White "Welz, Peter"]
[Black "Postler, Reinhard"]
[Result "1/2-1/2"]
[WhiteElo "2164"]
[BlackElo "2327"]
[PlyCount "83"]
[EventDate "2005.??.??"]

1. f4 d5 2. Nf3 Nf6 3. g3 g6 4. Bg2 Bg7 5. O-O O-O 6. d3 c5 7. Nc3 d4 8. Ne4
Nxe4 9. dxe4 Nc6 10. a3 Qb6 11. h3 Bd7 12. g4 Rad8 13. Qe1 c4 14. Kh1 Bc8 15.
Qh4 d3 16. exd3 cxd3 17. cxd3 Rxd3 18. f5 Nd4 19. Nxd4 Qxd4 20. Qxe7 Bd7 21.
Qh4 Re8 22. Bh6 Be5 23. fxg6 hxg6 24. Qf2 Qxf2 25. Rxf2 Bc6 26. Bf4 Bxf4 27.
Rxf4 Re3 28. Raf1 Re7 29. Kh2 Bxe4 30. Bxe4 R3xe4 31. Rxe4 Rxe4 32. Kg3 Re3+
33. Rf3 Re2 34. Rb3 b6 35. g5 Kg7 36. Rb5 Kf8 37. a4 Re3+ 38. Kg2 Ke7 39. a5
bxa5 40. Rxa5 Re2+ 41. Kg3 Rxb2 42. Rxa7+ 1/2-1/2

[Event "Lichtenrader Herbst"]
[Site "?"]
[Date "2005.10.09"]
[Round "9"]
[White "Figura, Atila Gajo"]
[Black "Jaeschke, Jens-Uwe"]
[Result "1-0"]
[WhiteElo "2277"]
[BlackElo "2164"]
[PlyCount "141"]
[EventDate "2005.??.??"]

1. d4 Nf6 2. c4 e6 3. Nc3 Bb4 4. Qc2 d5 5. a3 Bxc3+ 6. Qxc3 dxc4 7. Qxc4 b6 8.
Nf3 Ba6 9. Qa4+ Qd7 10. Qc2 O-O 11. g3 Nc6 12. Bg2 Rad8 13. Be3 Nd5 14. Rc1 Na5
15. Ne5 Qb5 16. Be4 f5 17. Bf3 c5 18. Bg5 Rc8 19. dxc5 Rxc5 20. Qb1 Rxc1+ 21.
Bxc1 Nc3 22. Qd3 Qxe5 23. Qxa6 Nd5 24. Qb5 a6 25. Qxa6 Nb3 26. O-O Nxc1 27.
Rxc1 Qxb2 28. Rc8 Ne7 29. Rc7 Nd5 30. Rb7 f4 31. Qd3 fxg3 32. hxg3 Qf6 33. Rd7
h6 34. Rd6 Kh8 35. Qe4 Nc3 36. Qe3 Qe7 37. Qxe6 Qxe6 38. Rxe6 Nb5 39. Rxb6 Nxa3
40. Be4 Nc4 41. Rc6 Ne5 42. Re6 Ng4 43. f3 Nf6 44. Bg6 Rb8 45. Kf2 Kg8 46. e4
Kf8 47. Ke3 Ng8 48. e5 Ne7 49. Be4 Kf7 50. Ra6 Rb5 51. f4 Rb3+ 52. Kf2 Rb4 53.
Kf3 Rb3+ 54. Kg4 Rb4 55. Bf3 Rd4 56. Rd6 Rb4 57. Bd1 Rb1 58. Ba4 Rb4 59. Bd7
Rb8 60. Be6+ Ke8 61. Kh5 Rb2 62. Ra6 Rb8 63. f5 Kf8 64. f6 gxf6 65. exf6 Ng8
66. Bxg8 Kxg8 67. Kg6 h5 68. Ra7 h4 69. gxh4 Rc8 70. Rg7+ Kh8 71. Rh7+ 1-0

[Event "Lichtenrader Herbst"]
[Site "?"]
[Date "2005.10.09"]
[Round "9"]
[White "Niehaus, Frank"]
[Black "Sondermann, Johannes"]
[Result "1-0"]
[WhiteElo "2252"]
[BlackElo "2164"]
[PlyCount "73"]
[EventDate "2005.??.??"]

1. e4 c5 2. Nf3 e6 3. d4 cxd4 4. Nxd4 Nf6 5. Nc3 d6 6. Be2 a6 7. O-O Qc7 8. a4
Nc6 9. Be3 Be7 10. Kh1 O-O 11. f4 Re8 12. Bg1 Bd7 13. Qd3 Rac8 14. Qg3 Bf8 15.
Rae1 Kh8 16. Bd3 Nxd4 17. Bxd4 e5 18. fxe5 dxe5 19. Be3 Be6 20. Bg5 Be7 21. Qh4
Qd8 22. Rd1 Nd7 23. Bxe7 Qxe7 24. Qxe7 Rxe7 25. Nd5 Ree8 26. b4 Bxd5 27. exd5
e4 28. Be2 Rxc2 29. Bg4 Ne5 30. Bf5 Nd3 31. d6 Nf2+ 32. Rxf2 Rxf2 33. Bxe4 b6
34. d7 Rd8 35. Kg1 f5 36. Kxf2 fxe4 37. Rc1 1-0

[Event "Lichtenrader Herbst"]
[Site "?"]
[Date "2005.10.09"]
[Round "9"]
[White "Hämmerlein, Thomas"]
[Black "Poppner, Dietmar"]
[Result "1-0"]
[WhiteElo "2193"]
[BlackElo "2156"]
[PlyCount "108"]
[EventDate "2005.??.??"]

1. e4 c5 2. c3 d5 3. exd5 Qxd5 4. d4 e6 5. Nf3 Nc6 6. Be2 cxd4 7. cxd4 Bb4+ 8.
Nc3 Nf6 9. O-O Qa5 10. Bd2 Qd8 11. Bg5 h6 12. Bf4 Nd5 13. Bd2 O-O 14. a3 Bd6
15. Ne4 Bf4 16. Re1 Bxd2 17. Qxd2 b6 18. Rad1 Bb7 19. Bd3 f5 20. Nc3 Nxc3 21.
bxc3 Qd6 22. Qa2 Nd8 23. Ne5 Qd5 24. Qxd5 Bxd5 25. Bb5 a6 26. Bd3 b5 27. Nd7
Rf7 28. Nb6 Rb8 29. Nxd5 exd5 30. Re8+ Rf8 31. Rxf8+ Kxf8 32. Bxf5 Rb6 33. h4
Nc6 34. Rd3 Na5 35. h5 Rf6 36. g4 Nc4 37. Kg2 Ke7 38. Kg3 Kd6 39. f4 a5 40. Rf3
Nxa3 41. Re3 Nc4 42. Re8 Kc6 43. Re7 Nd6 44. Bd3 Rf7 45. Rxf7 Nxf7 46. Kh4 a4
47. Bb1 Kd6 48. Ba2 Nd8 49. g5 Ne6 50. Kg4 Nxd4 51. f5 Nxf5 52. Kxf5 d4 53.
cxd4 b4 54. Bc4 b3 1-0

[Event "Lichtenrader Herbst"]
[Site "?"]
[Date "2005.10.09"]
[Round "9"]
[White "Stippekohl, Peter"]
[Black "Reichenbach, Werner"]
[Result "0-1"]
[WhiteElo "2166"]
[BlackElo "2310"]
[PlyCount "54"]
[EventDate "2005.??.??"]

1. c4 e5 2. Nc3 Nf6 3. g3 c6 4. Qa4 Na6 5. Bg2 Nc5 6. Qc2 d5 7. d3 d4 8. Nb1
Bf5 9. f3 Qd7 10. Nd2 a5 11. h4 Be6 12. Nh3 h6 13. Nf2 Nh5 14. Nf1 f5 15. Bh3
g6 16. g4 Nf6 17. g5 hxg5 18. Bxg5 Be7 19. e4 Nh5 20. O-O-O Bxg5+ 21. hxg5 Qe7
22. exf5 gxf5 23. Bg4 fxg4 24. fxg4 Bxg4 25. Nxg4 Qxg5+ 26. Nd2 Qxg4 27. Rdg1
Qf5 0-1

[Event "Lichtenrader Herbst"]
[Site "?"]
[Date "2005.10.09"]
[Round "9"]
[White "Giemsa, Stephan"]
[Black "Hahlbohm, Matthias"]
[Result "0-1"]
[WhiteElo "2306"]
[BlackElo "2102"]
[PlyCount "105"]
[EventDate "2005.??.??"]

1. d4 d5 2. c4 c6 3. Nf3 Nf6 4. e3 e6 5. Nbd2 Bd6 6. Bd3 Nbd7 7. O-O O-O 8. e4
dxe4 9. Nxe4 Nxe4 10. Bxe4 Nf6 11. Bc2 h6 12. Qd3 Qc7 13. c5 Be7 14. Ne5 Rd8
15. b4 a5 16. Bxh6 Bf8 17. Bg5 Be7 18. a3 b6 19. Rad1 axb4 20. axb4 bxc5 21.
bxc5 Ba6 22. Nc4 Rab8 23. Rfe1 Bxc4 24. Qxc4 Nd5 25. Bxe7 Qxe7 26. g3 Rb4 27.
Qd3 g6 28. h4 Qf6 29. Qd2 Kg7 30. Be4 Ra4 31. Bxd5 Rxd5 32. Re4 Rc4 33. Rf4 Qd8
34. Qe2 Rcxc5 35. Qf3 Qd7 36. h5 gxh5 37. dxc5 Rxd1+ 38. Kh2 Rd5 39. Qe3 Qe7
40. Rc4 Qf6 41. Kg2 Rf5 42. Re4 Qd8 43. Rd4 Qg5 44. f4 Qe7 45. Rd6 Qb7 46. Qd4+
Rf6 47. Rd8 Qb5 48. Qd6 Qe2+ 49. Kg1 Rg6 50. Qf8+ Kf6 51. Qh8+ Kf5 52. Qc3 h4
53. Rd3 0-1

[Event "Lichtenrader Herbst"]
[Site "?"]
[Date "2005.10.09"]
[Round "9"]
[White "Schüler, Wolfgang"]
[Black "Meissner, Hans-Jürgen"]
[Result "0-1"]
[WhiteElo "2072"]
[BlackElo "2256"]
[PlyCount "70"]
[EventDate "2005.??.??"]

1. e4 c5 2. Nc3 Nc6 3. g3 g6 4. Bg2 Bg7 5. d3 d6 6. Be3 Rb8 7. f4 e6 8. Qd2
Nge7 9. Nd1 b6 10. Ne2 O-O 11. O-O Qc7 12. Rb1 f5 13. c4 Bb7 14. Ndc3 a6 15. a3
Nd4 16. b4 Ba8 17. Rfc1 Nec6 18. Bf2 Nd8 19. a4 N8c6 20. b5 axb5 21. axb5 Ne7
22. Re1 Bb7 23. Nxd4 cxd4 24. Na4 e5 25. Qb4 exf4 26. gxf4 fxe4 27. Bxe4 Rxf4
28. Bg3 Rg4 29. Bg2 Bxg2 30. Kxg2 Nf5 31. Kh3 Rg5 32. Re6 Nxg3 33. Qxd6 Qxd6
34. Rxd6 Nf5 35. Rxb6 Re8 0-1

[Event "Lichtenrader Herbst"]
[Site "?"]
[Date "2005.10.09"]
[Round "9"]
[White "Zschäbitz, Klaus"]
[Black "Federau, Jürgen"]
[Result "0-1"]
[WhiteElo "2092"]
[BlackElo "2236"]
[PlyCount "116"]
[EventDate "2005.??.??"]

1. d4 Nf6 2. Nf3 e6 3. Bf4 d5 4. e3 Bd6 5. Bg3 b6 6. Nbd2 Bb7 7. Bd3 O-O 8. Bh4
Be7 9. Ne5 c5 10. c3 Ne4 11. Bxe7 Qxe7 12. O-O f6 13. Nef3 Nxd2 14. Nxd2 Ba6
15. Bxa6 Nxa6 16. Qe2 Nc7 17. Rfe1 e5 18. Qf3 Rad8 19. Rad1 Rfe8 20. Qg4 Qe6
21. Qxe6+ Nxe6 22. Nf3 Nc7 23. Kf1 Kf7 24. Rd2 e4 25. Ng1 g5 26. f3 f5 27. fxe4
dxe4 28. g3 Ke6 29. h4 h6 30. hxg5 hxg5 31. Rh2 Rh8 32. Rxh8 Rxh8 33. dxc5 bxc5
34. c4 Rd8 35. Ke2 Ke5 36. Nh3 Rh8 37. Nf2 Rh2 38. Kf1 Rh6 39. Rd1 Rd6 40. Ke2
Rxd1 41. Nxd1 Ne6 42. Nc3 f4 43. gxf4+ gxf4 44. exf4+ Nxf4+ 45. Ke3 Ng2+ 46.
Kf2 Nh4 47. b3 Kd4 48. Nd5 Kd3 49. Nf4+ Kd2 50. Kg3 Nf5+ 51. Kg4 Nd4 52. Ng2 e3
53. Kf4 e2 54. Ke4 Nc2 55. Ke5 Ne3 56. Nh4 Kd1 57. Nf3 Ng4+ 58. Kf4 Nh2 0-1

[Event "Lichtenrader Herbst"]
[Site "?"]
[Date "2005.10.09"]
[Round "9"]
[White "Chaumont, Adeline"]
[Black "Frübing, Thomas"]
[Result "0-1"]
[WhiteElo "2035"]
[BlackElo "2211"]
[PlyCount "84"]
[EventDate "2005.??.??"]

1. c4 b6 2. Nc3 Bb7 3. d4 e6 4. Bf4 Bb4 5. Nf3 Nf6 6. e3 Ne4 7. Qc2 O-O 8. Bd3
f5 9. h4 d6 10. a3 Bxc3+ 11. bxc3 Nd7 12. h5 Qe7 13. Bxe4 Bxe4 14. Qe2 e5 15.
Bg5 Qe6 16. h6 g6 17. Nh4 Bb7 18. d5 Qf7 19. f3 a5 20. a4 Nc5 21. O-O Bc8 22.
g4 Bd7 23. gxf5 gxf5 24. Kh2 Qh5 25. Qg2 Kf7 26. f4 Rg8 27. Rg1 Ne4 28. Qh3 Nf2
29. Qf3 Ng4+ 30. Kg3 Rae8 31. Rae1 e4 32. Qe2 Rxg5 33. fxg5 Qxg5 34. Kh3 Qxh6
35. Ref1 Qxe3+ 36. Qxe3 Nxe3 37. Rf4 Kf6 38. Ng2 Rg8 39. Kh2 Nxg2 40. Rxg2
Rxg2+ 41. Kxg2 Kg5 42. Kg3 Bxa4 0-1